Szczegóły MARC21

Polacy w Rosji : studium psychosocjologiczne Polaków z Sankt-Petersburga /

003 -Nazwa inst., której nr kontr. jest w polu 001 [,]
    • @
    • Nazwa instytucji, której n kontrolny jest w polu 001
    • NUKAT
005 -DATA I CZAS OSTATNIEJ MODYFIKACJI [,]
    • @
    • pole kontrolne
    • 20241231114509.0
020 -Międzynarod. znormalizowany nr książki - ISBN [ , ]
    • a
    • Numer ISBN
    • 8390286009 Find
040 -Instytucja sporządzająca opis [ , ]
    • a
    • Instytucja, która sporządziła opis (NP)
    • WA U/EBA
    • c
    • Instytucja, która sporządziła rekord (NP)
    • WA U/EBA
    • d
    • Instytucja, która zmodyfikowała rekord (P)
    • WA U/JL
    • d
    • Instytucja, która zmodyfikowała rekord (P)
    • WA U/JKs
    • d
    • Instytucja, która zmodyfikowała rekord (P)
    • KR U/39KP
942 -Rodzaj dokumentu [ , ]
    • c
    • Rodzaj dokumentu
    • Książka
100 -Hasło główne - nazwa osobowa [1, ]
    • a
    • Nazwa osobowa (NP)
    • Rzepa, Teresa
    • d
    • Daty biograficzne (NP)
    • (1952- ).
    • 9
    • KHW
    • 19219
245 -Strefa tytułu i oznaczenia odpowiedzialności [1,0]
    • a
    • Tytuł
    • Polacy w Rosji : Find
    • b
    • Ciąg dalszy tytułu (NP)
    • studium psychosocjologiczne Polaków z Sankt-Petersburga / Find
    • c
    • Pozostałe elementy strefy tytułu i oznaczenia odpowiedzialności (NP)
    • Teresa Rzepa, Jacek Leoński.
260 -Strefa adresu wydawniczego [ , ]
    • a
    • Miejsce wydania (P)
    • Szczecin :
    • b
    • Nazwa wydawcy (P)
    • [s.n.],
    • c
    • Data wydania (P)
    • 1994
    • e
    • Miejsce druku (NP)
    • (Rogoźno Wlkp. :
    • f
    • Nazwa drukarni (P)
    • Zakład Poligraficzny "Offset").
300 -Strefa opisu fizycznego [ , ]
    • a
    • Określenie formy książki i/lub objętość (NP)
    • 142 s. ;
    • c
    • Format (NP)
    • 23 cm.
336 -Typ zawartości [ , ]
    • a
    • Termin opisujący typ zawartości
    • Tekst
    • b
    • Kod określający zawartość
    • txt
    • 2
    • Źródło (terminu i kodu)
    • rdacontent
337 -Typ mediów [ , ]
    • a
    • Tryb odtwarzania
    • Bez urządzenia pośredniczącego
    • b
    • Kod typu mediów
    • n
    • 2
    • Źródło (terminu i kodu)
    • rdamedia
338 -Typ/rodzaj nośnika [ , ]
    • a
    • Hasło opisujące typ nośnika
    • Wolumin
    • b
    • Kod typu nośnika
    • nc
    • 2
    • Źródło (terminu i kodu)
    • rdacarrier
490 -Strefa serii i książki wielotomowej - forma nie do wyszukiwania [1, ]
    • a
    • Tytuł (P)
    • Prace Ośrodka Badań Biograficznych Uniwersytetu Szczecińskiego Find
830 -Hasło dodatkowe serii i opisu książki wielotomowej - tytuł ujednolicony/tytuł [ ,0]
    • a
    • Tytuł ujednolicony/tytuł (NP)
    • Prace Ośrodka Badań Biograficznych Uniwersytetu Szczecińskiego
    • 9
    • KHW
    • 586531
650 -Hasło przedmiotowe [ ,7]
    • a
    • Hasło przedmiotowe
    • Polacy
    • z
    • Określnik geograficzny
    • Rosja
    • z
    • Określnik geograficzny
    • Petersburg
    • y
    • Określnik chronologiczny
    • 1990-.
    • 2
    • Źródło terminu
    • kaba
    • 9
    • KHW
    • 586684
650 -Hasło przedmiotowe [ ,7]
    • a
    • Hasło przedmiotowe
    • Działacze polityczni
    • z
    • Określnik geograficzny
    • Polska
    • y
    • Określnik chronologiczny
    • 1970-2000
    • v
    • Określnik formalny
    • rozmowy.
    • 2
    • Źródło terminu
    • kaba
    • 9
    • KHW
    • 364014
700 -Hasło dodatkowe - nazwa osobowa [1, ]
    • a
    • Nazwa osobowa (NP)
    • Leoński, Jacek Find
    • d
    • Daty biograficzne (NP)
    • (1954-2013).
    • 9
    • KHW
    • 41709
920 -ISBN [ , ]
    • a
    • ISBN
    • 83-902860-0-9 Find
Lokalizacja Data inwentaryzacji Status udost. Numer inwentarzowy
BG2004-09-141Pd.16350
BNS1997-03-181H.6140
BNS1996-08-142F.26276
BNS1996-08-14-3F.26277